| 000 | 00858nam a2200229Ii 4500 | ||
|---|---|---|---|
| 003 | JO-AjNU | ||
| 008 | 230605s9999||||xx |||||||||||||| ||und|| | ||
| 017 | _a1999/14200 | ||
| 020 | _a977-01-6481 | ||
| 040 |
_aJO-AjNU _bara _erda _cJO-AjNU |
||
| 041 | _aara | ||
| 050 | 1 | 4 | _aD161.2 .R4812 1999 |
| 100 | 3 |
_a تاليف سميث جوناثان، ريلي؛ الشاعر، محمد فتحي مترجم, _eauthor _97625 |
|
| 245 | 0 | 0 | _aالحملة الصليبية الأولى وفكرة الحروب الصليبية |
| 250 | _aط2 | ||
| 264 | 3 | 1 | _aالقاهرة: الهيئة المصرية العامة للتاليف والنشر، 1999 |
| 300 | _a295ص | ||
| 336 |
_atext _btxt _2rdacontent |
||
| 337 |
_aunmediated _bn _2rdamedia |
||
| 338 |
_avolume _bnc _2rdacarrier |
||
| 650 | 4 |
_aالحملة الصليبية الأولى ، 1096-1099 _97626 |
|
| 999 |
_aA375 _c3943 _d3943 |
||